000
00250nam a2200097 a 4500
005
20140414131958.0
008
110209s19uu xx 00 eng d
050
_a
TR 398.2
_b
St6 2008
245
_a
I like to read, storytime collection.
999
_c
112984
_d
112984